| 000 | 00644nam a2200217 a 4500 | ||
|---|---|---|---|
| 005 | 20140310183443.0 | ||
| 008 | 080919s19uu xx 00 eng d | ||
| 020 | _a9780631214236 | ||
| 050 |
_aHF 5415 _b.B637 2008 |
||
| 100 | _aBrenkert, George G. | ||
| 245 |
_aMarketing ethics / _cGeorge G. Brenkert |
||
| 260 |
_aU.S.A : _bBlackwell Publishing, _c2008. |
||
| 300 |
_a256 p. : _c23 cm. |
||
| 521 | _aBSBA | ||
| 650 | _aMarketing. | ||
| 650 |
_aMarketing _xMoral and ethical aspects. |
||
| 650 |
_aMarketing _xSocial aspects. |
||
| 650 |
_aBusiness intelligence _xMoral and ethical aspects. |
||
| 942 |
_cBK _2lcc _kFOR |
||
| 999 |
_c23198 _d23198 |
||